Gaza à l'époque romaine - Statistiques

Statistiques générales
  • Ce quiz a été pris 11 fois
  • Le résultat moyen est 9 sur 18
Statistiques - réponses
Hint Réponse % Correct
A partir de 4 av JC, dans l'Empire... Romain
88%
Gaza se situe au... Proche-Orient
75%
Le désert qui se trouve au sud-est Néguev
63%
Sa religion jusqu'au Ve siècle Paganisme/Culte traditionnel/Panthéon gréco-romain
63%
Sa production principale Vin
63%
Année de conquête de Gaza par les armées musulmanes 637
50%
L'empereur qui éleva son port au rang de cité Constantin
50%
Moine ascète extrêmement connu, devenu saint par la suite, né à Tabatha, petit village à côté de Gaza Hilarion
50%
Son port Maïouma/Constantia
50%
Divinité tutélaire de Gaza Marnas (Zeus Marnas)
50%
Ex-otage devenu moine anti-chaclédonien important, invité par Zenon pour l'Henotikon, fondateur d'un monastère Pierre l'Ibère
50%
Evêque est nommé à Gaza à la fin du IVe siècle, qui christianise de force la cité Porphyre
50%
Mode de vie monastique dans lequel les moines vivent en communauté, très populaire à Gaza et dans les environs Cénobitisme
38%
Institution qui fit la renommée de Gaza Ecole de rhétorique
38%
Eglise principale de Gaza de la christianisation à 536, du nom de sa mécène, épouse de l'empereur Arcadius Eudoxiana
38%
L'empereur qui rendit ce port à Gaza Julien
38%
Hagiographe de ce moine saint Jérôme
38%
Le plus grand monastère du VIe siècle en Palestine Monastère de Séridos
13%
Aucun quiz correspondant
Distribution des résultats
% des personnes avec chaque résultat
Percentile par nombre de réponses
Votre historique - résultats
Vous n’avez pas pris ce quiz